Учет затрат на производство и калькулирование себестоимости продукции (работ, услуг) (Запись № 9750138)

Подробности
000 -МАРКЕР
контрольное поле 01722nam0a2200349 i 4500
001 - ИДЕНТИФИКАТОР ЗАПИСИ
контрольное поле RU\NLR\BIBL_A\09994158
005 - ИДЕНТИФИКАТОР ВЕРСИИ
контрольное поле 20260406083006.0
010 ## - МЕЖДУНАРОДНЫЙ СТАНДАРТНЫЙ НОМЕР КНИГИ (ISBN)
Номер (ISBN) 9785955803210
Уточнения Вузовский учебник
010 ## - МЕЖДУНАРОДНЫЙ СТАНДАРТНЫЙ НОМЕР КНИГИ (ISBN)
Номер (ISBN) 978-5-16-006961-6
Уточнения ИНФРА-М
Тираж 700
021 ## - НОМЕР ГОСУДАРСТВЕННОЙ РЕГИСТРАЦИИ
Код страны Российская Федерация
Номер 2013-75013
Номер Листа государственной регистраци 5153
035 ## - ДРУГИЕ СИСТЕМНЫЕ НОМЕРА
Идентификатор записи (NLR Aleph) 009994158
100 ## - ДАННЫЕ ОБЩЕЙ ОБРАБОТКИ
Данные общей обработки 20131030d2014 km y0rusy50 ca
101 0# - ЯЗЫК РЕСУРСА
Язык текста, звукозаписи и т.д. русский
102 ## - СТРАНА ПУБЛИКАЦИИ ИЛИ ПРОИЗВОДСТВА
Страна публикации Российская Федерация
105 ## - ПОЛЕ КОДИРОВАННЫХ ДАННЫХ: ТЕКСТОВЫЕ МАТЕРИАЛЫ, МОНОГРАФИЧЕСКИЕ
Кодированные данные о монографическом текстовом документе a|||j|||001yy
200 1# - ЗАГЛАВИЕ И СВЕДЕНИЯ ОБ ОТВЕТСТВЕННОСТИ
Основное заглавие Учет затрат на производство и калькулирование себестоимости продукции (работ, услуг)
Сведения, относящиеся к заглавию учебно-практическое пособие
Первые сведения об ответственности [засл. деят. науки, д.э.н., проф. Ю.А. Бабаев и др.]
Последующие сведения об ответственности под ред. Ю. А. Бабаева
205 ## - СВЕДЕНИЯ ОБ ИЗДАНИИ
Сведения об издании 3-е изд., испр. и доп.
210 ## - ПУБЛИКАЦИЯ, РАСПРОСТРАНЕНИЕ И ДР.
Место издания, распространения и т.д. Москва
Имя издателя, распространителя и т. д. Вузовский учебник
-- ИНФРА-М
Дата издания, распространения и т.д. 2014
Место изготовления Чехов (Моск. обл.)
Имя изготовителя Чеховский Печатный Двор
215 ## - ФИЗИЧЕСКАЯ ХАРАКТЕРИСТИКА
Специфическое обозначение материала и объем 186 с.
Другие сведения о физической характеристике ил.
Размеры 22
225 1# - СЕРИЯ
Основное заглавие серии Вузовский учебник
606 1# - НАИМЕНОВАНИЕ ТЕМЫ КАК ПРЕДМЕТ
Наименование темы Промышленная продукция
Формальный подзаголовок Практические пособия
Тематический подзаголовок Затраты на производство
-- Учет
Системный номер авторитетной/нормативной записи 2127848
Идентификатор авторитетной/нормативной записи RU\NLR\AUTH\661284135
675 ## - УНИВЕРСАЛЬНАЯ ДЕСЯТИЧНАЯ КЛАССИФИКАЦИЯ (UDC/УДК)
Индекс 657.1(075.8)
686 1# - ИНДЕКСЫ ДРУГИХ КЛАССИФИКАЦИЙ
Индекс У052.9(2)2-148.6я7
702 #1 - ИМЯ ЛИЦА - ВТОРИЧНАЯ ОТВЕТСТВЕННОСТЬ
Код отношения Составитель
-- Редактор
Материалы, к которым относится поле rus
Графика поля Кириллица
Начальный элемент ввода Бабаев
Часть имени, кроме начального элемента ввода Ю. А.
Дополнения к именам, кроме дат д-р экон. наук
Даты 1931-
Расширение инициалов личного имени Юрий Агивович
Идентификатор авторитетной/нормативной записи RU\NLR\AUTH\7748959
Системный номер авторитетной/нормативной записи 31894
801 #0 - ИСТОЧНИК ЗАПИСИ
Страна Российская Федерация
Организация RuMoRKP
Дата составления 20130919
Правила каталогизации RCR
801 #2 - ИСТОЧНИК ЗАПИСИ
Страна Российская Федерация
Организация РГБ
Дата составления 20130924
801 #1 - ИСТОЧНИК ЗАПИСИ
Страна Российская Федерация
Организация RuMoRKP
Дата составления 20130919
Источник данных rusmarc
942 ## - ДОПОЛНИТЕЛЬНЫЕ ЭЛЕМЕНТЫ ЗАПИСИ (АБИС)
Тип экземпляра АБИС Книга
980 ## - КОЛЛЕКЦИЯ
Название коллекции НБР

Нет доступных экземпляров.